Loyalty programs and personal data sharing preferences in the Czech republic
Štruktúrovaná kvantitatívna analýza ochoty zákazníkov zdieľať vybrané kľúčové typy osobných a kontaktných údajov s organizátormi vernostných programov v Českej republike na základe prieskumu z obdobia 11/2015-04/2016.
Guardado en:
| Autor principal: | |
|---|---|
| Otros Autores: | , |
| Formato: | Capítulo de libro |
| Lenguaje: | inglés |
| Materias: | |
| Etiquetas: |
Sin Etiquetas, Sea el primero en etiquetar este registro!
|
MARC
| LEADER | 00000naa a2200000 4500 | ||
|---|---|---|---|
| 001 | 0229365 | ||
| 005 | 20220719115519.4 | ||
| 041 | 0 | |a eng | |
| 044 | |a CZ | ||
| 245 | 1 | 0 | |a Loyalty programs and personal data sharing preferences in the Czech republic |c Radek Tahal, Tomáš Formánek, Hana Mohelská |
| 520 | |a Štruktúrovaná kvantitatívna analýza ochoty zákazníkov zdieľať vybrané kľúčové typy osobných a kontaktných údajov s organizátormi vernostných programov v Českej republike na základe prieskumu z obdobia 11/2015-04/2016. | ||
| 610 | 2 | 0 | |a maloobchod |
| 610 | 2 | 0 | |a marketing |
| 610 | 2 | 0 | |a programy vernostné |
| 610 | 2 | 0 | |a zákazníci |
| 610 | 2 | 0 | |a spotrebitelia |
| 610 | 2 | 0 | |a dáta |
| 610 | 2 | 0 | |a ochrana údajov osobných |
| 610 | 2 | 0 | |a bezpečnosť |
| 610 | 2 | 0 | |a stimuly |
| 610 | 2 | 0 | |a Česko |
| 610 | 2 | 0 | |a analýza kvantitatívna |
| 100 | 1 | |a Tahal, Radek | |
| 700 | 1 | |a Formánek, Tomáš | |
| 700 | 1 | |a Mohelská, Hana | |